| 000 | 01277cam a22003497i 4500 | ||
|---|---|---|---|
| 001 | 18786448 | ||
| 003 | NUST | ||
| 005 | 20211201095752.0 | ||
| 008 | 150917s2016 caua 001 0 eng | ||
| 010 | _a 2015472728 | ||
| 020 | _a9781483352558 (paperback) | ||
| 038 | _awaseem | ||
| 040 |
_aDLC _beng _erda _cDLC |
||
| 050 | 0 | 0 | _aMLCM 2018/42001 (H) |
| 082 |
_a300.7 _bNEW |
||
| 100 | 1 |
_aNewsome, Bruce, _eauthor. _985374 |
|
| 245 | 1 | 3 |
_aAn introduction to research, analysis, and writing : _bpractical skills for social science students / _cBruce Oliver Newsome, University of California, Berkeley. |
| 246 | 3 | 0 | _aPractical skills for social science students |
| 264 | 1 |
_aLos Angeles : _bSage, _c[2016] |
|
| 300 |
_axvii, 352 pages : _billustrations ; _c24 cm |
||
| 336 |
_atext _btxt _2rdacontent |
||
| 337 |
_aunmediated _bn _2rdamedia |
||
| 338 |
_avolume _bnc _2rdacarrier |
||
| 500 |
_aMinimal Level Cataloging Plus. _5DLC |
||
| 504 | _aIncludes bibliographical references (pages 329-332) and index. | ||
| 563 | _aPBK. | ||
| 650 | 0 |
_aSocial sciences _xResearch. _985375 |
|
| 650 | 0 |
_aSocial sciences _xTextbooks. _985376 |
|
| 906 |
_a7 _bcbc _corigres _d4 _encip _f20 _gy-gencatlg |
||
| 942 |
_2ddc _cBK |
||
| 999 |
_c586927 _d586927 |
||